[Event "Nova Gorica op-A 26th"]
[Site "Nova Gorica"]
[Date "2022.09.16"]
[Round "1"]
[White "Mihelic, Vesna"]
[Black "Hellsten, Uffe"]
[Result "1-0"]
[WhiteElo "2031"]
[BlackElo "1732"]
[PlyCount "53"]
[EventDate "2022.09.16"]
[EventType "swiss"]
[EventRounds "9"]
[EventCountry "SLO"]
[SourceTitle "CBM 210 Extra"]
[Source "ChessBase"]
[SourceDate "2022.11.30"]
[SourceVersion "1"]
[SourceVersionDate "2022.11.30"]
[SourceQuality "1"]

1. e4 e6 2. d4 d5 3. exd5 exd5 4. Bd3 c5 5. Nf3 Nf6 6. 0-0 c4 7. Re1+ Be7 8. Bf1 0-0 9. b3 cxb3 10. axb3 Bg4 11. c3 Ne4 12. Qd3 Nd7 13. Nbd2 Nxd2 14. Bxd2 Bf6 15. h3 Be6 16. Bf4 Nb6 17. Qc2 Qc8 18. Bd3 h6 19. Re3 Rd8 20. Ne5 Bxe5 21. Bxe5 Nd7 22. f4 Nxe5 23. fxe5 a6 24. Rg3 Kh8 25. Rf1 Qc7 26. Qd2 Rac8 27. Rf6 1-0